000 01033nam a2200265 a 4500
001 ASINB0045VLX1K
003 OSt
005 20180116192425.0
008 150211s2004 xxu eng d
020 _a00119571
040 _c0
082 _a720
245 1 0 _aDetail :
_cChristian (Ed.) Schittich.
_bRewiew of architecture,Roof structures,Large structures,Interiors and lighting.
246 _aDetail - zeitschrift fur architektur + baudetail / 44. serie 2004, 12 / dezember 2004 /
250 _aFirst Edition.
260 _aBostan :
_bMunchen: Institut fur Architektur-Dokumentation GmbH & Co.,
_c2004.
300 _a3 v. (unpaged)
440 _aRevued architecture
_nThree port of section
_pSADA1.Roof structures 2.Large structures 3.Interiors and lighting.
_v3 volumes
_x00119571
_98011
490 1 _aNo.
650 _aArchitecture
_98012
700 1 _aSchittich, Christian
_98009
830 0 _aNo.
_98010
856 4 0 _3Amazon.com
_uhttp://www.amazon.com/exec/obidos/ASIN/B0045VLX1K/chopaconline-20
942 _2ddc
_cBK
999 _c354060
_d354060